| 000 | 00631nam a2200217Ia 4500 | ||
|---|---|---|---|
| 008 | 131103s9999 xx 000 0 und d | ||
| 020 |
_a81 7170 123 X _cRs.62.50 |
||
| 040 | _aLoreto College | ||
| 041 | _aEnglish | ||
| 082 |
_a954/KHA _bLCBED/13189 |
||
| 100 | _aKharabanda, R. L. | ||
| 245 |
_aComposite course in history and civics _cR. L. Kharabanda, S. L. Dhawan & Chhaya Mitra; edited by J. Fuste |
||
| 250 | _a10th ed. | ||
| 260 |
_aNew Delhi _bFrank _c2000 |
||
| 300 |
_a187p. _b ill. _c 22cm. |
||
| 650 | _aHistory | ||
| 651 | _aIndia - History | ||
| 700 | _aDhawan, S. L | ||
| 850 | _aLCBED/954/KHA | ||
| 942 | _cBK | ||
| 999 |
_c28638 _d79117 |
||